000 00228nam a22000857a 4500
008 161125b xxu||||| |||| 00| 0 eng d
100 _91437
_aRamesh. M. S
245 _aChildren key board
260 _aBangalore
_bSadhana pulication
_c2001
999 _c4160
_d4160